|
|
|
|
| LEADER |
01256nam a22003137a 4500 |
| 001 |
34177 |
| 003 |
BD-DhAAL |
| 005 |
20190120161647.0 |
| 008 |
190120r20081988enk||||| |||| 00| d eng d |
| 999 |
|
|
|c 40414
|d 40414
|
| 020 |
|
|
|a 9780571233526
|
| 020 |
|
|
|a 057123352X
|
| 040 |
|
|
|a BD-DhAAL
|
| 041 |
|
|
|a eng
|
| 082 |
|
|
|2 23
|a 822.914
|
| 100 |
|
|
|a Hare, David,
|d 1947-.
|9 29673
|
| 245 |
|
|
|a The Vertical Hour /
|c David Hare
|
| 260 |
|
|
|a London :
|b Faber and faber,
|c 2008 [ reprint ]
|
| 300 |
|
|
|a 114, pages
|c 21 cm.
|
| 490 |
|
|
|a Faber plays.
|
| 520 |
|
|
|a
Nadia Blye is a young American war reporter turned academic who teaches Political Studies at Yale. A brief holiday with her boyfriend brings her into contact with a kind of Englishman whose culture and background are a surprise and a challenge both to her and to her relationship.
|
| 526 |
|
|
|a ENH
|
| 541 |
|
|
|a The WORM
|e 34177
|
| 650 |
|
|
|a English drama.
|9 29674
|
| 650 |
|
|
|a Vacations
|v Drama.
|9 29675
|
| 651 |
|
|
|a Americans
|v Drama.
|9 29676
|
| 852 |
|
|
|a Ayesha Abed Library
|c General Stacks
|
| 942 |
|
|
|2 ddc
|c BK
|
| 952 |
|
|
|0 0
|1 0
|2 ddc
|4 0
|6 822_914000000000000_HAR
|7 0
|9 64964
|a BRACUL
|b BRACUL
|c GEN
|d 2019-01-20
|e The WORM
|g 934.15
|l 0
|o 822.914 HAR
|p 3010034177
|r 2019-01-20
|t 1
|v 1099.00
|w 2019-01-20
|y BK
|